000
00274nam a22000977a 4500
008
240425b |||||||| |||| 00| 0 eng d
020
_a
9780670094974
100
_a
Jonas Chopra Priyanka
_9
7771
245
_a
Unfinished (A memoir)
260
_a
New Delhi
_b
Penguin Random house
_c
2021
999
_c
12576
_d
12576